00451nam a2200157 a 4500001001300000005001700013008004100030020001800071040002000089041000800109082002600117100002500143245005400168260004700222300002400269DLC00001965420240524071346.0220519s2003 xxu eng d a9788190565554 aDLCbvieeAACR2 aeng14a14 813.54bSh531-Indi1 aSharma, Robind1964-14aThe Saint the Surfer and the ceoc/ Robin Sharma  aCarlsbad, Califb: Hay house Indiac, 2003 axv, 221 p.c; 23 cm